000 00397nam a2200169Ia 4500
005 20250423095041.0
008 250422s9999 xx 000 0 und d
020 _a9754320098
050 _aBT 873 .A94/
100 _aNursî, Bediüzzaman Said
245 0 _aDie Auferstehung und das jenseits
260 _aİstanbul
260 _bSözler
260 _c2004
300 _a164 p
942 _cBK
999 _c29087
_d29087